000 00830nam a22002417a 4500
003 DO-SdBNP
005 20211108113225.0
007 ta
008 211108b2003 pr ||||| |||| 00| 0 spa d
020 _a1932271201
040 _aDO-SdBNP
_bspa
_cBNPHU
100 1 _aMori González, Roberto
_980517
245 1 0 _aHostos insepulto :
_bensayos en la búsqueda de la utopía inconclusa /
_cRoberto Mori González.
260 _aSan Juan, Puerto Rico :
_bIsla Negra,
_c2003.
300 _a199 p. ;
_c 23 cm.
490 _aVisiones y cegueras
500 _aIncluye datos biográficos del autor en la solapa de la cubierta.
500 _aIncluye referencias bibliográficas y notas al pie de las páginas.
590 _aInventariado, 2021 /LP
830 0 _aVisiones y cegueras
_91120
910 _aLopérez
942 _2ddc
_cLBS1
999 _c50885
_d50885